Czech Republic all time starting xi - Statistics

General Stats
  • This quiz has been taken 118 times
    26 since last reset
  • The average score is 5 of 11
Answer Stats
Hint Answer % Correct
MF(1994-2006 Pavel Nedvěd
100%
GK(2002-2016 Petr Čech
95%
FW(2016- Patrik Schick
73%
MF(1994-2006 Tomáš Rosický
64%
FW(2001-2012 Milan Baroš
55%
FW(1999-2009 Jan Koller
50%
MF(1954-1966 Josef Masopust
23%
DF(2000-2009 Marek Jankulovski
23%
DF(2001-2009 Tomáš Ujfaluši
9%
DF(1967-1990 Karol Dobiaš
0%
DF(1952-1966 Ladislav Novák
0%
No matching quizzes found
Score Distribution
Percent of People with Each Score
Percentile by Number Answered
Your Score History
You have not taken this quiz since the last reset